<?xml version="1.0" encoding="UTF-8"?>
<record
    xmlns:xsi="http://www.w3.org/2001/XMLSchema-instance"
    xsi:schemaLocation="http://www.loc.gov/MARC21/slim http://www.loc.gov/standards/marcxml/schema/MARC21slim.xsd"
    xmlns="http://www.loc.gov/MARC21/slim">

  <leader>00680nam a2200193   4500</leader>
  <controlfield tag="003">LK-CoMWRAF</controlfield>
  <controlfield tag="005">20231212231846.0</controlfield>
  <controlfield tag="008">231212b        |||||||| |||| 00| 0 eng d</controlfield>
  <datafield tag="020" ind1=" " ind2=" ">
    <subfield code="a">9789558978146</subfield>
  </datafield>
  <datafield tag="040" ind1=" " ind2=" ">
    <subfield code="a">LK-CoMWRAF</subfield>
    <subfield code="d">LK-CoMWRAF</subfield>
    <subfield code="e">LK-CoMWRAF</subfield>
  </datafield>
  <datafield tag="041" ind1=" " ind2=" ">
    <subfield code="a">sin</subfield>
  </datafield>
  <datafield tag="082" ind1=" " ind2=" ">
    <subfield code="a">297</subfield>
    <subfield code="b">MOW</subfield>
  </datafield>
  <datafield tag="100" ind1=" " ind2=" ">
    <subfield code="a">&#xDB8;&#xDDE;&#xDAF;&#xDD6;&#xDAF;&#xDD2;. &#xDB8;&#xDDE;&#xDBD;&#xDCF;&#xDB1;&#xDCF; &#xDC3;&#xDBA;&#xDCA;&#xDBA;&#xDD2;&#xDAF;&#xDCA; &#xD85;&#xDB6;&#xDD4;&#xDBD;&#xDCA; &#xD85;:&#xDBD;&#xDCF;</subfield>
  </datafield>
  <datafield tag="245" ind1=" " ind2=" ">
    <subfield code="a">&#xD89;&#xDC3;&#xDCA;&#xDBD;&#xDCF;&#xDB8;&#xDBA;&#xDDA; &#xDB4;&#xDAB;&#xDD2;&#xDC0;&#xDD2;&#xDA9;&#xDBA; </subfield>
  </datafield>
  <datafield tag="246" ind1=" " ind2=" ">
    <subfield code="a">islamaye paniwidaya</subfield>
  </datafield>
  <datafield tag="260" ind1=" " ind2=" ">
    <subfield code="a">&#xD9A;&#xDDC;&#xDC5;&#xDB9; :</subfield>
    <subfield code="b">&#xDC4;&#xDD2;&#xDBB;&#xDCF; &#xDAD;&#xDDC;&#xDBB;&#xDAD;&#xDD4;&#xDBB;&#xDD4; &#xDB8;&#xDB0;&#xDCA;&#x200D;&#xDBA;&#xDC3;&#xDCA;&#xDAE;&#xDCF;&#xDB1;&#xDBA;</subfield>
    <subfield code="c">2000</subfield>
  </datafield>
  <datafield tag="650" ind1=" " ind2=" ">
    <subfield code="a">&#xD89;&#xDC3;&#xDCA;&#xDBD;&#xDCF;&#xDB8;&#xDCA; &#xD89;&#xD9C;&#xDD0;&#xDB1;&#xDCA;&#xDC0;&#xDD3;&#xDB8;&#xDCA;</subfield>
  </datafield>
  <datafield tag="942" ind1=" " ind2=" ">
    <subfield code="c">BK</subfield>
  </datafield>
  <datafield tag="952" ind1=" " ind2=" ">
    <subfield code="0">0</subfield>
    <subfield code="1">0</subfield>
    <subfield code="4">0</subfield>
    <subfield code="7">0</subfield>
    <subfield code="a">MAIN</subfield>
    <subfield code="b">MAIN</subfield>
    <subfield code="d">2023-12-12</subfield>
    <subfield code="l">0</subfield>
    <subfield code="o">297 MOW</subfield>
    <subfield code="p">RAF3423</subfield>
    <subfield code="r">2023-12-12</subfield>
    <subfield code="w">2023-12-12</subfield>
    <subfield code="y">BK</subfield>
  </datafield>
  <datafield tag="952" ind1=" " ind2=" ">
    <subfield code="0">0</subfield>
    <subfield code="1">0</subfield>
    <subfield code="4">0</subfield>
    <subfield code="7">0</subfield>
    <subfield code="a">MAIN</subfield>
    <subfield code="b">MAIN</subfield>
    <subfield code="d">2023-12-12</subfield>
    <subfield code="l">0</subfield>
    <subfield code="o">297 MOW</subfield>
    <subfield code="p">RAF3424</subfield>
    <subfield code="r">2023-12-12</subfield>
    <subfield code="w">2023-12-12</subfield>
    <subfield code="y">BK</subfield>
  </datafield>
  <datafield tag="952" ind1=" " ind2=" ">
    <subfield code="0">0</subfield>
    <subfield code="1">0</subfield>
    <subfield code="4">0</subfield>
    <subfield code="7">0</subfield>
    <subfield code="a">MAIN</subfield>
    <subfield code="b">MAIN</subfield>
    <subfield code="d">2023-12-12</subfield>
    <subfield code="l">0</subfield>
    <subfield code="o">297 MOW</subfield>
    <subfield code="p">RAF3425</subfield>
    <subfield code="r">2023-12-12</subfield>
    <subfield code="w">2023-12-12</subfield>
    <subfield code="y">BK</subfield>
  </datafield>
  <datafield tag="999" ind1=" " ind2=" ">
    <subfield code="c">4372</subfield>
    <subfield code="d">4372</subfield>
  </datafield>
</record>
